Estudios sobre la Universidad de Lřida (1561-1717)

Bibliographic Details
Format: eBook
Language:Spanish
Published: Madrid: Dykinson, 2018
Subjects:
Online Access:Acceso restringido

MARC

LEADER 00000nam a22000007a 4500
005 20190414195415.0
007 cr|||| |||
008 190414s2018 es |||||s|||| 00||0 spa d
020 |a 978-84-9148-922-1 
035 |a 22997 
040 |a vLex 
090 |c 8626  |d 8626 
245 0 0 |a Estudios sobre la Universidad de Lřida (1561-1717)  |h [Recurso electrn̤ico] / 
256 |a Servicio en ln̕ea 
260 |a Madrid:  |b Dykinson,  |c 2018 
300 |a 1 recurso electrn̤ico 
500 |a Este libro, escrito por Rafael Ramis-Barcel,̤ ren︢e tres estudios sobre la Universidad de Lřida (1561-1717). El primero es una descripcin̤ del Estudio de Lřida durante el pontificado de Antonio Agustn̕. Fue una p̌oca dorada, con grandes maestros, aunque con frecuentes conflictos. El segundo es un anl̀isis de la Facultad de Leyes y Cǹones desde el fallecimiento de Felipe V hasta la transferencia de la Universidad a Cervera. El tercero trata las Facultades de Artes y de Teologa̕ durante el mismo pero̕do. Estos dos capt̕ulos finales inciden en la decadencia de la Universidad y a los problemas que tuvo que afrontar durante el Barroco. El libro –con fuentes novedosas, procedentes de diferentes archivos catalanes– pretende ofrecer una panorm̀ica de la l︢tima etapa del Estudio de Lřida y de su compleja transferencia a Cervera. 
506 1 |a Disponible solo en los productos indicados  |d vLex Global  |d vLex Global (Academic Edition, excluding Law Schools)  |d vLex Global (U.S. Academic Edition, Law Schools)  |d vLex Global (U.S. Academic Edition, excluding Law Schools)  |d vLex Global (Academic Edition, Law Schools) 
650 0 4 |a Historia y geografa̕  |z Espaą 
740 0 |a vLex Libros (Servicio en ln̕ea) 
856 4 0 |u http://vlex.com/source/estudios-sobre-la-universidad-de-lerida-1561-1717--22997  |z Acceso restringido 
942 |c BOOK 
999 0 |a History and geography